000 00706nam a22002177a 4500
005 20251108174920.0
008 250721s9999 xx 000 0 ara d
082 1 4 _a956.402/سوي
100 1 _aسويد، محمد علي
_eمعد
245 1 0 _aموسوعة 1500 سؤال و جواب عن اليهود - الماسونية - الصهيونية /
264 1 _aبيروت :
_bرشاد برس للنشر والتوزيع،
_c[200-].
300 _a327ص.
650 1 7 _aاليهودية
650 1 7 _aاليهود
650 1 7 _aالماسونية
650 1 7 _aالصهيونية
650 1 7 _aالتاريخ
650 1 7 _aالأسئلة و الأجوبة
942 _2ddc
_cBK
999 _c121417
_d121417